000 00613nam a2200205Ii 4500
003 JO-AjNU
008 230605s9999||||xx |||||||||||||| ||und||
040 _aJO-AjNU
_bara
_erda
_cJO-AjNU
041 _aara
050 1 4 _aPJ7542.E4.N3722 1900
100 3 _aناصيف،إميل,
_eauthor
_923961
245 0 0 _aأروع ما قيل في الرثاء
250 _aط2
264 3 1 _aبيروت: دار الجيل، 1900
300 _a157ص
336 _atext
_btxt
_2rdacontent
337 _aunmediated
_bn
_2rdamedia
338 _avolume
_bnc
_2rdacarrier
650 4 _aالشعر العربي - رثاء
_923962
999 _aA8750
_c12318
_d12318